000 00778nam a2200241Ia 4500
003 OSt
005 20220925201341.0
006 a|||||r|||| 00| 0
007 ta
008 220923b |||||||| |||| 00| 0 eng d
037 _cGeneral Book
040 _aRTL
_cRTL
_beng
041 _2eng
_aeng
082 _aX9(J).2.N5s, K2
110 _aIndia, Government Of .... Economics And Statistics (Directorate Of-)
_9260471
245 0 _aHand book on methods of collection of agricultural
260 _aDelhi
_bManager Of Publication India
_c1962
300 _a180p.
_ccm.
650 _aIndustry
700 _aIndia, Government Of .... Economics And Statistics (Directorate Of-)
_9260472
942 _hX9(J).2.N5s, K2
_cGB
_2CC
999 _c539847
_d539847